Rabīndranāthera saṅge Pārasya o Irāka bhramaṇa. (Record no. 55879)

MARC details
000 -LEADER
fixed length control field 00758cam a22002651 4500
001 - CONTROL NUMBER
control field sa 63004852
003 - CONTROL NUMBER IDENTIFIER
control field DLC
005 - DATE AND TIME OF LATEST TRANSACTION
control field 20260227111951.0
008 - FIXED-LENGTH DATA ELEMENTS--GENERAL INFORMATION
fixed length control field 890426r1963uuuuii ac 000 0 beno
010 ## - LIBRARY OF CONGRESS CONTROL NUMBER
LC control number sa 63004852
035 ## - SYSTEM CONTROL NUMBER
System control number (OCoLC)19609316
040 ## - CATALOGING SOURCE
Original cataloging agency DLC
Transcribing agency WaU
Modifying agency DLC
042 ## - AUTHENTICATION CODE
Authentication code premarc
043 ## - GEOGRAPHIC AREA CODE
Geographic area code a-ir---
-- a-iq---
050 00 - LIBRARY OF CONGRESS CALL NUMBER
Classification number DS258
Item number .C4
100 1# - MAIN ENTRY--PERSONAL NAME
Personal name Chatterji, Kedar Nath.
245 10 - TITLE STATEMENT
Title Rabīndranāthera saṅge Pārasya o Irāka bhramaṇa.
260 ## - PUBLICATION, DISTRIBUTION, ETC.
Date of publication, distribution, etc. [1963]
300 ## - PHYSICAL DESCRIPTION
Extent 13, 206 p.
Other physical details illus., port.
Dimensions 23 cm.
500 ## - GENERAL NOTE
General note In Bengali.
500 ## - GENERAL NOTE
General note Originally published in Prabāsī.
600 10 - SUBJECT ADDED ENTRY--PERSONAL NAME
Personal name Tagore, Rabindranath,
Dates associated with a name 1861-1941.
651 #0 - SUBJECT ADDED ENTRY--GEOGRAPHIC NAME
Geographic name Iran
General subdivision Description and travel.
651 #0 - SUBJECT ADDED ENTRY--GEOGRAPHIC NAME
Geographic name Iraq
General subdivision Description and travel.

No items available.

Powered by Koha